000 00317 a2200157 4500
001 179651
020 _a
040 _cMagnum
100 _aVeiga, J.j.
240 1 0 _aTaja e sua gente
_lpor
245 1 0 _aTaja e sua gente
362 0 _a1899
440 1 _aSalamandra
697 _aMAGNITO: IJ/GERAL
942 _cBK
999 _c179651
_d179651